LEADER 01515nam a2200289 i 4500 001 000000145859 003 CaOOAMICUS 005 20051209000000.0 008 051209s1977 it u000 u ita u 013 $a121251 040 $aSeMil$bita 100 1 $aAmoretti, Carlo.$0(OLS)http://semarc/name/37170 245 10$aViaggio da Milano ai Tre Laghi :$bMaggiore, di Lugano e di Como e ne' monti che li circondano /$cCarlo Amoretti. 250 $aRistampa anastatica. 260 $aMilano :$bReprint,$c1977. 260 $a[Italia] :$bStudio Editoriale Insubria,$c1977. 300 $aXL, 373 p. ;$c18 cm. 500 $aFac-simile dell'ed. : Milano : per Giovanni Silvestri, 1824. - Copia n° 107 di 300 copie stampate del volume. - In mezzo alla copertina : Milano, 1824. 650 4$aLago Maggiore - Descrizioni e viaggi.$0(OLS)http://semarc/subject/28548 650 4$aLago di Lugano - Descrizioni e viaggi.$0(OLS)http://semarc/subject/28549 650 4$aLago di Como - Descrizioni e viaggi.$0(OLS)http://semarc/subject/28550 850 $aSeMil 852 $aSeMil$W1$xVenegono$y1$m4Y I 150$j98582$B98582$CSeMilBibl$Z2$F106950 $81 961 $aOmaggio: Biblioteca Seminario Seveso (fino al 1985) 996 $6245$aViaggio da Milano ai Tre Laghi :$bMaggiore, di Lugano e di Como e ne' monti che li circondano$9(OLS)http://semarc/title/213253 996 $6260$a[Italia] :$bStudio Editoriale Insubria$9(OLS)http://semarc/publisher/47689 996 $6260$aMilano :$bReprint$9(OLS)http://semarc/publisher/47690 LEADER 00489nab a2200145 i 4500 001 000000311235 003 CaOOAMICUS 005 20180831173029.0 008 180831n xx uu u0 0und r 013 $a20323 040 $aSeMil$bita 100 1 $aCrosta, Clino.$0(OLS)http://semarc/name/12975 245 12$aL?Assunta nella odierna teologia cattolica. 773 0 $t[Luglio-Dicembre].$g12-36, 385-404$w()274176 996 $6245$aL?Assunta nella odierna teologia cattolica$9(OLS)http://semarc/title/385834